000 01085cam a2200253 i 4500
003 SA-RiAUC
005 20250918074143.0
008 250902s1980 ti a g b 00010 ara c
040 _aSA-RiAUC
_bara
_cSA-RiAUC
_erda
082 0 4 _a215.9611
_qSA-RiAUC
090 _a215.9611
_bم ع م
100 1 _aالمعموري، الطاهر بن محمد،
_d1933-
_eمؤلف.
245 1 0 _aجامع الزيتونة ومدارس العلم في العهدين الحفصي والتركي من سنة 1603-1206 إلى سنة 1117-1705 /
_cالطاهر المعموري.
264 1 _aتونس :
_bالدار العربية للكتاب،
_c1980.
300 _a140 صفحة :
_bجداول ؛
_c24 سم
336 _aنص
_btxt
_2rdacontent
_3كتاب
337 _aبدون وسيط
_bn
_2rdamedia
338 _aمجلد
_bnc
_2rdacarrier
504 _aببليوجرافية : صفحة 131-140.
610 2 7 _aجامع الزيتونة (تونس)
_2aucnm
650 7 _aالتربية الإسلامية
_zتونس
_2aucsh
942 _2ddc
_cBOOK
_n0
949 _aSA-JeALM
_d250902
_umohamedma123
_n1
999 _c11915
_d11915